000 00248nam a22001217a 4500
008 170505b xxu||||| |||| 00| 0 eng d
041 _aeng
080 _a34
100 _a14
101 _aSHJ
245 _aYOU LAW
_cPOOR.H.V
942 _2udc
_cBK
999 _c12807
_d12807